Excursions /

Bibliographic Details
Main Author: Thoreau, Henry David, 1817-1862
Other Authors: Emerson, Ralph Waldo, 1803-1882, Marx, Leo, 1919-
Format: Book
Language:English
Published: New York : Corinth Books, [1962]
Series:The American experience series, AE17

MARC

Tag First Indicator Second Indicator Subfields
LEADER 00000cam a2200000 4500
001 in00000024610
005 20151007062425.0
008 721025r19621863nyuc b 00000 eng u
010 |a  62010047  
035 |a (OCoLC)00477320 
035 |9 AAD4848AM 
040 |c CIN  |d TXA  |d UtOrBLW 
049 |a TXAM  |c [349829] 
050 0 |a PS3045  |b .A1 1962a 
092 |a 818  |b T488e 
100 1 |a Thoreau, Henry David,  |d 1817-1862. 
245 1 0 |a Excursions /  |c Introduction by Leo Marx. 
264 1 |a New York :  |b Corinth Books,  |c [1962] 
300 |a xiv, 319 pages :  |b portrait ;  |c 19 cm. 
336 |a text  |b txt  |2 rdacontent 
337 |a unmediated  |b n  |2 rdamedia 
338 |a volume  |b nc  |2 rdacarrier 
490 0 |a The American experience series, AE17 
500 |a Includes facsimile reproducion of t. p. of original edition published in 1863. 
505 0 |a Biographical sketch, by R. W. Emerson.--Natural history of Massachusetts.--A walk to Wachusett.--The landlord.--A winter walk.--The succession of forest trees.--Walking.--Autumnal tints.--Wild apples.--Night and moonlight. 
700 1 |a Emerson, Ralph Waldo,  |d 1803-1882. 
700 1 |a Marx, Leo,  |d 1919- 
999 |a MARS 
999 f f |s c8fa932c-19c6-38ab-8a99-8b407ea2dc23  |i 5ddd5d7d-003b-37fe-8e89-be51928f569a  |t 0 
952 f f |p normal  |a Texas A&M University  |b College Station  |c Sterling C. Evans Library  |d Evans: Library Stacks  |t 0  |e PS3045 .A1 1962a  |h Library of Congress classification  |i unmediated -- volume  |m A14801265595 
998 f f |a PS3045 .A1 1962a  |t 0  |l Evans: Library Stacks